000 00508nam a2200181Ia 4500
999 _c14710
_d14710
003 OSt
005 20201021105145.0
008 190216s9999||||xx |||||||||||||| ||und||
020 _a9780198068792
040 _coclc
082 _a808.1
_bLEN/P
100 _aLennard, John
_95757
245 4 _aThe Poetry Handbook /
_cJohn Lennard
250 _a2nd Edi.
260 _bOxford University Press ,
_aNew Delhi:
_c2005.
300 _a418p
942 _cBK
_2ddc
_h808.1
_iLEN/P
_k808.1
_mLEN/P